000
00335nam a2200145Ia 4500
008
191201s2006 xx 000 0 und d
082
_a
677
_b
KAT
100
_a
KAPLAN, N S
245
0
_a
Textile Fabrics
250
_a
1st
260
_a
N.Delhi
_b
Abhishek Publications
_c
2006
300
_a
247
650
_a
B.Tech(TE)
942
_2
ddc
_c
BK
999
_c
2297
_d
2297